THE METHODS OF FIRE SAFETY OF WOOD-BASED MATERIALS

Bibliographic Details
Main Authors: Osvald, Anton (Author), Réh, Roman, 1959- (Author)
Format: Article
Language:English
ISBN:8022807745

MARC

LEADER 00000naa a2200000uu 4500
001 vtls010932178
003 SK-MaSNL
005 20260302122403.0
008 210910|2000 xo |||||||||||||||||eng|
015 |a SNBRA 
035 |a (urnnbn)urn:nbn:sk:snk:ar-a0b4pt 
035 |a (uuid)18bd095b-0a84-45ac-a735-c7c420426bc0 
035 |a urn:nbn:sk:snk-aatx7a 
040 |a SNKBUCL  |b slo  |c SNKBUCL  |e AACR2 
041 0 |a eng 
044 |a xo  |c SK 
100 1 |a Osvald, Anton  |4 aut  |9 270813 
245 1 0 |a THE METHODS OF FIRE SAFETY OF WOOD-BASED MATERIALS  |c Anton Osvald, Roman Réh 
700 1 |a Réh, Roman,  |d 1959-  |4 aut  |9 210874 
773 0 |t Wood & fire safety  |d Of Zvolen : Technical University, 2000, 2000  |g S. 277-284  |z 8022807745 
958 |a OND 
958 |a article11 
958 |a chapter 
999 |c 1277680  |d 1279610